[Event "31. DSenEM2019 Gruppe 65+"]
[Site "Radebeul"]
[Date "2019.05.04"]
[Round "9.81"]
[White "Schleicher, Winfried"]
[Black "Ludwig, Richard"]
[Result "0-1"]
[BlackElo "1547"]
[BlackTeam "SV Irxleben"]
[EventDate "2019.??.??"]
[PlyCount "116"]
[WhiteElo "1352"]
[WhiteTeam "Lüneschach"]

1. d4 Nf6 2. Bf4 d5 3. Nf3 Nc6 4. Nbd2 e6 5. e3 Bd7 6. Bd3 Nb4 7. Be2 Nc6 8. O-O
Be7 9. c4 O-O 10. Bd3 Nb4 11. Bb1 dxc4 12. Ne4 Nxe4 13. Bxe4 Nd5 14. Bg3 c6 15.
Qc2 Nf6 16. Bh4 h6 17. Bxf6 Bxf6 18. Qxc4 Rc8 19. Bc2 b5 20. Qd3 g6 21. Rfd1
Re8 22. g3 Re7 23. h4 h5 24. Ne5 Bxe5 25. dxe5 Qc7 26. f4 c5 27. Rf1 Rd8 28.
Qe2 Bc6 29. Kh2 Red7 30. Rad1 c4 31. Rxd7 Rxd7 32. Rd1 a6 33. Rxd7 Qxd7 34. Bd1
Qd5 35. Qf1 Qd2+ 36. Qe2 Qd5 37. Qf1 a5 38. Kh3 b4 39. Kh2 Bb5 40. Qf3 Qd2+ 41.
Kh3 Qd8 42. g4 hxg4+ 43. Qxg4 Qd3 44. h5 Qf5 45. hxg6 Qxg4+ 46. Bxg4 c3 47.
gxf7+ Kxf7 48. bxc3 bxc3 49. Bd1 Bd3 50. Bb3 c2 51. Bxc2 Bxc2 52. a3 Kg6 53.
Kh4 Kf5 54. Kh5 Bb3 55. Kh6 Ke4 56. Kg5 Bc2 57. Kg6 Kxe3+ 58. Kf6 Bf5  0-1

[Event "31. DSenEM2019 Gruppe 65+"]
[Site "Radebeul"]
[Date "2019.05.04"]
[Round "9.82"]
[White "Semisch, Helga"]
[Black "Walther, Renate"]
[Result "1-0"]
[BlackElo "1127"]
[BlackTeam "SK Herzogenaurach"]
[EventDate "2019.??.??"]
[PlyCount "51"]
[WhiteElo "1571"]
[WhiteTeam "ESV Lok Meiningen"]

1. d4 c5 2. c3 g6 3. e3 e6 4. Bd3 Nf6 5. Nd2 d5 6. f4 Nc6 7. Ngf3 Bd6 8. O-O Qc7
9. Qe1 Bd7 10. Kh1 O-O-O 11. e4 Bxf4 12. e5 Bxd2 13. Bxd2 Ne4 14. Bxe4 dxe4 15.
Qxe4 Rde8 16. dxc5 Rhf8 17. Bh6 Rg8 18. Ng5 Nxe5 19. b4 Bc6 20. Qe2 Rd8 21. Nh3
Rd3 22. Nf4 Rxc3 23. Qb2 Rf3 24. gxf3 Bxf3+ 25. Kg1 Qc6 26. Qxe5  1-0